• 首页
  • 本馆介绍
  • 公告通知
  • 最新文献
  • 馆藏检索
  • 电子资源
  • 读者导购
  • 参考咨询
  • 我的图书馆
  • 登录
  • 详细信息显示
  • 放入我的书架
  • 预约/预借图书
  • 作者相关作品
  • 分类相关作品
  • 丛书相关作品
  • 出版社相关作品

书目信息

  • 表格格式
  • 工作单格式
  • 卡片格式
题名:
瓦格纳
    
 
作者: 麦耶尔 著 ;赵勇 , 孟兆刚 译
分册:  
出版信息: 北京   三联书店  1987
页数: 286页
开本: 19cm
丛书名: 文化: 中国与世界系列丛书
单 册:
中图分类: K835.165.7
科图分类:
主题词: 艺术家--传记--德国
电子资源:
ISBN:
000 00776nam2 2200277 45
001 0187007667
005 20050426083644.2
010    @dCNY1.55
091    @a8002.14
100    @a19900808d1987 em y0chiy0121 ea
101 1  @achi@cger
102    @aCN@b110000
105    @ay z 000yb
200 10 @a瓦格纳@Awa ge na@f(德)麦耶尔(Mayer,H.)著@F(De)Mai Ye Er(Mayer,H.)Zhu@g赵勇, 孟兆刚译
210    @a北京@c三联书店@d1987
215    @a286页@d19cm
225 0  @a文化: 中国与世界系列丛书@i新知文库@v18
410  1 @120010@a新知文库
606 0  @a艺术家@x传记@y德国
690    @aK835.165.7@v3
701  0 @a麦耶尔@4著
702  0 @a赵勇@4译
702  0 @a孟兆刚@4译
801  0 @aCN@b深圳图书馆@c20040510
801  2 @aCN@bNLC@c20040510
905    @dK835.165.7@e296@b257370@f1
    
    瓦格纳/(德)麦耶尔(Mayer,H.)著/赵勇, 孟兆刚译.-北京:三联书店,1987
    286页;19cm.-(文化: 中国与世界系列丛书.新知文库;18)
    丛编说明:
    
    ISBN :CNY1.55
    
●
相关链接 在E读中查询图书 在五车中查询图书 在当当中查询图书 在豆瓣中查询图书


正题名:瓦格纳     索取号:K835.165.7/296         预约/预借

序号 登录号 条形码 馆藏地/架位号 状态 备注
1 0257368   001547188   第二样本阅览室/ [索取号:K835.165.7/296] 在馆    
2 0257369   001547197   密集书库/ [索取号:K835.165.7/296] 在馆    
3 0257370   001988184   密集书库/ [索取号:K835.165.7/296] 在馆    
唐山师范学院图书馆 欢迎您!
大连网信软件有限公司© 版权所有